000 00615nam a22001817a 4500
003 UA-OsUOA
001 19679
007 ta
008 20040914b un ||||| |||| 00| 0 ukr d
100 _aДубас П.
942 _cSA
040 _aUA-OsUOA
_cUA-OsUOA
_dUA-OsUOA
245 _aСпівпраця допомагає зростати
_b[Бесіда з головою правл. ВАТ"Рівнегаз" Дубасом П.]
300 _aС.2
955 _a0
773 0 _w0
_tВісті Рівненщини
_dРівне
_d2004
_g№84/10 верес./
650 7 _aГазове господарство
_2UDC
999 _c305850
_d305850